[Event "SVK-ch U12"]
[Site "Liptovsky Mikulas"]
[Date "2019.04.30"]
[Round "9"]
[White "Goc, Matus"]
[Black "Skreko, Igor1111"]
[Result "0-1"]
[WhiteElo "1090"]
[BlackElo "1662"]
[PlyCount "108"]
[EventDate "2019.04.23"]
[EventType "swiss"]
[EventRounds "9"]
[EventCountry "SVK"]
[SourceTitle "CBM 190 Extra"]
[Source "ChessBase"]
[SourceDate "2019.07.15"]
[SourceVersion "1"]
[SourceVersionDate "2019.07.15"]
[SourceQuality "1"]

1. e4 c5 2. Nf3 d6 3. d4 cxd4 4. Nxd4 Nf6 5. Nc3 a6 6. Bg5 e6 7. Bc4 Be7 8. Nf3 Qc7 9. Bb3 Nc6 10. a3 b5 11. Qd2 Bb7 12. Qe3 Rc8 13. 0-0 0-0 14. Rfe1 h6 15. Bf4 Nh5 16. e5 Nxf4 17. Qxf4 dxe5 18. Nxe5 Bd6 19. Rad1 Bxe5 20. Qd2 Bxc3 21. Qxc3 Na5 22. Qb4 Nxb3 23. Qxb3 Qxc2 24. Qxc2 Rxc2 25. b4 Rfc8 26. f3 Ra2 27. Ra1 Rcc2 28. Rxa2 Rxa2 29. Re3 Bd5 30. h3 Kf8 31. Kh2 Bc4 32. Kg1 Ke7 33. Rc3 Rd2 34. Re3 Kd6 35. Rc3 Kd5 36. Re3 Rd3 37. Rxd3+ Bxd3 38. Kf2 Kc4 39. g4 Kb3 40. f4 Kxa3 41. f5 exf5 42. gxf5 Bxf5 43. h4 Kxb4 44. h5 Bg4 45. Ke1 a5 46. Kd2 a4 47. Kc2 Bxh5 48. Kb2 g5 49. Kc2 Bg6+ 50. Kb2 g4 51. Ka2 g3 52. Kb2 g2 53. Ka2 g1Q 54. Kb2 Qb1# 0-1

[Event "SVK-ch U12"]
[Site "Liptovsky Mikulas"]
[Date "2018.04.24"]
[Round "5"]
[White "Goc, Matus"]
[Black "Banas, Kamil1111"]
[Result "1/2-1/2"]
[WhiteElo "1102"]
[BlackElo "1173"]
[PlyCount "74"]
[EventDate "2018.04.21"]
[EventType "swiss"]
[EventRounds "9"]
[EventCountry "SVK"]
[SourceTitle "CBM 184 Extra"]
[Source "ChessBase"]
[SourceDate "2018.06.28"]
[SourceVersion "1"]
[SourceVersionDate "2018.06.28"]
[SourceQuality "1"]

1. c4 c6 2. e3 d5 3. cxd5 cxd5 4. d4 Nc6 5. a3 Bf5 6. Nf3 f6 7. Bb5 Bxb1 8. Rxb1 Qa5+ 9. Bd2 Qxb5 10. a4 Qb6 11. b4 Qc7 12. b5 Na5 13. Rc1 Nc4 14. Bc3 Qd7 15. Nd2 Nxd2 16. Qxd2 e6 17. 0-0 Be7 18. Rc2 Nh6 19. Rfc1 Rc8 20. Bb4 Rxc2 21. Rxc2 0-0 22. Bxe7 Qxe7 23. Qc1 Rb8 24. Rc7 Qe8 25. h3 Qd8 26. Qc5 Nf5 27. a5 Nd6 28. a6 b6 29. Qc6 Rc8 30. Rxc8 Nxc8 31. Qxe6+ Kh8 32. Qf7 h6 33. g4 Kh7 34. f4 Qg8 35. Qd7 Kh8 36. h4 Kh7 37. Qf5+ Kh8 1/2-1/2

[Event "Liptovsky Mikulas V4 U11 op"]
[Site "Liptovsky Mikulas"]
[Date "2017.06.25"]
[Round "8"]
[White "Goc, Matus"]
[Black "Mrmusova, Magdalena"]
[Result "1-0"]
[WhiteElo "1000"]
[BlackElo "1162"]
[PlyCount "79"]
[EventDate "2017.06.22"]
[EventType "swiss"]
[EventRounds "9"]
[EventCountry "SVK"]
[SourceTitle "CBM 179 Extra"]
[Source "ChessBase"]
[SourceDate "2017.08.23"]
[SourceVersion "1"]
[SourceVersionDate "2017.08.23"]
[SourceQuality "1"]

1. e4 e5 2. Nf3 Nc6 3. Nc3 Nf6 4. Bc4 Bc5 5. d3 h6 6. h3 d6 7. Be3 Bb6 8. Qd2 Be6 9. Bd5 Qd7 10. 0-0-0 0-0-0 11. Bxc6 Qxc6 12. d4 Qe8 13. d5 Bxe3 14. fxe3 Bd7 15. Qd3 a6 16. Qc4 b5 17. Qb4 c5 18. Qa5 Kb7 19. b3 b4 20. Na4 Bxa4 21. bxa4 Nxe4 22. Rhf1 Nc3 23. Rd3 Nxa2+ 24. Kb1 Nc3+ 25. Kb2 Nxa4+ 26. Ka1 e4 27. Rb3 exf3 28. Rxf3 Qe5+ 29. Kb1 Nc3+ 30. Kc1 Nxd5 31. Rxf7+ Kb8 32. Qxa6 Nc7 33. Qb6+ Ka8 34. Rxc7 Qa1+ 35. Rb1 Qa3+ 36. Rb2 Qxe3+ 37. Kb1 Qe1+ 38. Ka2 Qe6+ 39. Rb3 Rd7 40. Qa7# 1-0

[Event "Liptovsky Mikulas V4 U11 op"]
[Site "Liptovsky Mikulas"]
[Date "2017.06.24"]
[Round "6"]
[White "Zemek, Antonin"]
[Black "Goc, Matus"]
[Result "1-0"]
[WhiteElo "1118"]
[BlackElo "1000"]
[PlyCount "61"]
[EventDate "2017.06.22"]
[EventType "swiss"]
[EventRounds "9"]
[EventCountry "SVK"]
[SourceTitle "CBM 179 Extra"]
[Source "ChessBase"]
[SourceDate "2017.08.23"]
[SourceVersion "1"]
[SourceVersionDate "2017.08.23"]
[SourceQuality "1"]

1. e4 e5 2. Bc4 Nf6 3. Nc3 Bc5 4. d3 Nc6 5. Nge2 d6 6. f4 Bg4 7. h3 Bxe2 8. Qxe2 Nd4 9. Qf2 Nb3 10. Qe2 Nxa1 11. f5 h6 12. g4 Nh7 13. h4 Qd7 14. Bb5 c6 15. Ba4 b5 16. Bb3 a5 17. a3 a4 18. Ba2 Qa7 19. g5 hxg5 20. hxg5 g6 21. f6 b4 22. axb4 Bxb4 23. Qh2 a3 24. Bb1 a2 25. Bxa2 Bxc3+ 26. bxc3 Qxa2 27. Be3 Rb8 28. Qh3 Qxc2 29. Bd2 Rb1+ 30. Ke2 Nb3 31. Qc8# 1-0

[Event "Liptovsky Mikulas V4 U11 op"]
[Site "Liptovsky Mikulas"]
[Date "2017.06.22"]
[Round "1"]
[White "Goc, Matus"]
[Black "Sosovickova, Martina"]
[Result "0-1"]
[WhiteElo "1000"]
[BlackElo "1124"]
[PlyCount "70"]
[EventDate "2017.06.22"]
[EventType "swiss"]
[EventRounds "9"]
[EventCountry "SVK"]
[SourceTitle "CBM 179 Extra"]
[Source "ChessBase"]
[SourceDate "2017.08.23"]
[SourceVersion "1"]
[SourceVersionDate "2017.08.23"]
[SourceQuality "1"]

1. e4 e5 2. Nf3 Nc6 3. Bc4 Bc5 4. d3 Nf6 5. Ng5 d5 6. exd5 Na5 7. 0-0 Bg4 8. Qd2 Nxc4 9. dxc4 0-0 10. Qd3 h6 11. Ne4 Nxe4 12. Qxe4 f5 13. Qxe5 Re8 14. Qf4 Re4 15. Qg3 Rxc4 16. Nd2 Rb4 17. Nf3 Qxd5 18. Re1 Bxf3 19. Bxh6 Qf7 20. Re5 Bd6 21. Re3 Bxg3 22. hxg3 Be4 23. f3 gxh6 24. fxe4 Rxe4 25. Rf3 Rae8 26. Rff1 Qd5 27. a3 Qd4+ 28. Kh1 Qd2 29. Kg1 Re1 30. Rfxe1 Rxe1+ 31. Rxe1 Qxe1+ 32. Kh2 Qf2 33. Kh3 Qxc2 34. Kh2 Qc1 35. Kh3 Qh1# 0-1